Diaguitas chilenos

Gardado en:
Detalles Bibliográficos
Main Authors: Gleisner, Christine (Author), Montt, Sara (Author)
Formato: Libro
Idioma:Lingua castelá
Publicado: Santiago Fucoa 2014
Edición:1a. ed
Series:Serie Introducción Histórica y Relatos de los Pueblos Originarios de Chile
Subjects:
Tags: Engadir etiqueta
Sen Etiquetas, Sexa o primeiro en etiquetar este rexistro!

MARC

LEADER 00000cam a2200000 a 4500
001 UCE3964
003 CL-VaPUC
008 141003e20140300cl |||||||||||||||||spa|d
020 |a 9789567215522 
082 0 4 |a 980  |b GLE  |2 21 
100 |a Gleisner, Christine  |e author  |9 576500 
700 0 |a Montt, Sara  |e author  |9 576498 
245 1 0 |a Diaguitas chilenos 
250 |a 1a. ed 
300 |a 100 p 
942 |c BK 
945 |d 20141003 14:18:00  |a arojas 
260 |a Santiago  |b Fucoa  |c 2014 
600 0 |a Diaguitas  |9 344355 
650 0 |a Etnología   |9 258726 
650 7 |a HISTORIA DE AMERICA DEL SUR  |2 CL-VaPUC  |9 576499 
650 0 |a Pueblos indígenas   |9 357564 
650 0 |a Vida social y costumbres  |9 258725 
651 7 |a COQUIMBO  |2 CL-VaPUC  |9 511992 
583 |a last modification  |c 20141003 14:18:00  |k Rodrigo Vera 
490 0 |a Serie Introducción Histórica y Relatos de los Pueblos Originarios de Chile 
999 |c 357064  |d 357062 
952 |0 0  |1 0  |3 erb  |4 0  |6 980_000000000000000_GLE_2014  |7 0  |8 C  |9 464871  |a BIBCUR  |b BIBCUR  |i 511697K  |o 980 GLE 2014  |p 511697K  |r 2025-04-22  |w 2019-11-23  |y BK  |z Catalogado en:20141003  |k CAC